000 02730cam a22006254i 4500
003 PE-LiUPU
005 20250731170446.0
008 150706s2007 ag a rb 000 0 spa d
020 _a9508085401
020 _a9789508085405
035 _a(Sirsi) i9789508085405
040 _aPE-LiUPU
_bspa
_cPE-LiUPU
_dPE-LiUPU
_erda
049 _aPRUA
082 0 4 _a150.195
_bV39
_221
100 1 _aVegh, Isidoro,
_eautor.
245 1 4 _aUna cita con la psicosis /
_cIsidoro Vegh.
250 _aSegunda edición.
264 1 _aBuenos Aires :
_bHomo Sapiens,
_c2007.
300 _a205 páginas :
_bilustraciones ;
_c21 centímetros
336 _atext
_2rdacontent
337 _aunmediated
_2rdamedia
338 _avolume
_2rdacarrier
490 0 _aLa clínica en los bordes ;
_v7
504 _aIncluye bibliografía.
505 0 _aPuntuaciones de un recorrido en el campo de la Psicosis -- El campo de las Psicosis -- Letra, significante y sentido en el discurso de las Psicosis -- Estructura y transferencia en el campo de la Psicosis -- Retórica de la Psicosis -- Fundamentos de la práctica en el Hospital de Día -- Acerca de la clínica diaria con pacintes psicóticos -- Bailanza, un neologismo, una propuesta posible -- Taller artesanal -- Experiencias en el taller de música -- Ruido de Magia -- Yo -- Para una lógica de la mirada. Un hombre normal -- Hay amores que matan -- Homosexualidad y Psicosis -- Sexualidad y Psicosis -- Intervenciones en una melancolía -- Daniel necesita un otro en quien confiar -- Acerca de algunas cuestiones transferenciales y de abordaje en la clínica de las psicosis -- algunas puntuaciones acerca de la psicosis infantil.
526 _aSEG68
526 _aSEG70
526 _aSEG69
526 _aSEG67
526 _aSEG43
526 _aP144
526 _aP143
526 _aP131
526 _aP122
526 _aP120
526 _aP117
526 _aP112
526 _aP110
526 _aP106
526 _aP101
526 _aP80
526 _aP59
526 _aP54
526 _aP35
526 _aP33
526 _aP30
541 _g001-0030486;
650 1 4 _aPsicoanálisis.
_95668
910 _agl
_bjv
_clch
_d20090930
942 _2ddc
_cBOOK
949 _a150.195 V39
_wDEWEY
_c1
_i60397
_d2016-10-9
_e2016-10-9
_lCCODEBUL1
_mBUL
_n1
_p18.00
_r0
_sY
_tBOOK
_u2015-7-6
_xSALUD
_PP33
_0COMPRA
_o.STAFF. Colección General
994 _aC0
_bPEPRU
596 _a1
999 _a150.195 V39
_wDEWEY
_c49852
_i60397
_d49852
_e2018-5-27
_f2021-11-3
_g5
_lCCODEBUL1
_mBUL
_n4
_p18.00
_q2
_r0
_sY
_tBOOK
_u2015-7-6
_xSALUD
_PP33
_0COMPRA
_o.STAFF. Colección Ciencias de la Salud
980 _81
_gALBERTO SANCHEZ Responsable de Automatización